000 01074cab a2200325 4500
001 ABS45279
008 090401t1991 xxu||||| |||| 00| 0 eng d
035 _a(Sirsi) u52036
041 _aeng
100 _aGriffith, A.
245 _aBasic introduction to housing possession
260 _c1991
350 _a0
490 _aLegal Action
_vOctober 1991, 14-16(3)
520 _aReviews the law relating to residential possession proceedings, aimed at newly qualified lawyers. Looking at the legislation involved and relevant case law. References.
650 _aASSURED TENANCIES
650 _aCASE LAW
650 _aLEASES
650 _aLEGISLATION
650 _aLICENCES
650 _aMORTGAGES
650 _aPOSSESSION
650 _aPROTECTED TENANCIES
650 _aRENT ARREARS
650 _aPROPERTY-RESIDENTIAL PROPERTY-RESIDENTIAL LANDLORD AND TENANT-RESIDENTIAL TENANCIES
650 _aSECURE TENANCIES
690 _aPROPERTY-RESIDENTIAL PROPERTY-RESIDENTIAL LANDLORD AND TENANT-RESIDENTIAL TENANCIES
942 _n0
948 _c04/03/1997
999 _c32280
_d32280